• 首页
  • 本馆介绍
  • 公告通知
  • 最新文献
  • 馆藏检索
  • 电子资源
  • 读者导购
  • 参考咨询
  • 我的图书馆
  • 登录
  • 详细信息显示
  • 放入我的书架
  • 预约/预借图书
  • 作者相关作品
  • 分类相关作品
  • 丛书相关作品
  • 出版社相关作品

书目信息

  • 表格格式
  • 工作单格式
  • 卡片格式
题名:
小学道德与法治教学理论与实践探究
    
 
作者: 王君香 著
分册:  
出版信息: 长春   吉林大学出版社  2020.9
页数: 132页
开本: 21cm
丛书名:
单 册:
中图分类: G623.152
科图分类:
主题词: 政治课--教学研究--小学
电子资源:
ISBN: 978-7-5692-7162-1
000 00838nam0 2200229 45
001 012001002828
005 20140823172820.0
010    @a978-7-5692-7162-1@dCNY28.00
100    @a20210119d2020 em y0chiy0110 ea
101 0  @achi
102    @aCN@b220000
105    @ay z 000yy
106    @ar
200 1  @a小学道德与法治教学理论与实践探究@Axiao xue dao de yu fa zhi jiao xue li lun yu shi jian tan jiu@f王君香著
210    @a长春@c吉林大学出版社@d2020.9
215    @a132页@d21cm
330    @a本书分五章,内容包括:相关概念论述及课程教材研究、小学道德与法治教学存在的问题及原因、小学“道德与法治”课程资源的开发与利用、小学“道德与法治”有效教学策略分析等。
606 0  @a政治课@x教学研究@x小学
690    @aG623.152@v5
701  0 @a王君香@Awang jun xiang@4著
801    @aCN@bAHXH@c20210922
905    @b1282671-5@dG623.152@e1942@f5
    
    小学道德与法治教学理论与实践探究/王君香著.-长春:吉林大学出版社,2020.9
    132页;21cm
    
    
    ISBN 978-7-5692-7162-1:CNY28.00
    本书分五章,内容包括:相关概念论述及课程教材研究、小学道德与法治教学存在的问题及原因、小学“道德与法治”课程资源的开发与利用、小学“道德与法治”有效教学策略分析等。
●
相关链接 在E读中查询图书 在五车中查询图书 在当当中查询图书 在豆瓣中查询图书


正题名:小学道德与法治教学理论与实践探究     索取号:G623.152/1942         预约/预借

序号 登录号 条形码 馆藏地/架位号 状态 备注
1 1282671   212826717   第一样本阅览室/ [索取号:G623.152/1942] 在馆    
2 1282672   212826726   教育系资料室/ [索取号:G623.152/1942] 在馆    
3 1282673   212826735   教育系资料室/ [索取号:G623.152/1942] 在馆    
4 1282674   212826744   第四借阅区/ [索取号:G623.152/1942] 在馆    
5 1282675   212826753   第四借阅区/ [索取号:G623.152/1942] 在馆    
唐山师范学院图书馆 欢迎您!
大连网信软件有限公司© 版权所有